| 000 | 00948cad a22002295a 4500 | ||
|---|---|---|---|
| 001 | E149836 | ||
| 008 | 100504s2010 xxk f 000 0 eng d | ||
| 035 | _a(Sirsi) u149836 | ||
| 041 | 0 | _aeng | |
| 050 | 0 | 4 | _a690.241 $2 18 |
| 110 | 2 |
_aHistoric Scotland _92914 |
|
| 245 | 0 | 0 |
_aINFORM, information for historic building owners _bdry stone walls _h[electronic resource] |
| 260 |
_aEdinburgh _bHistoric Scotland _c2010 |
||
| 490 | 0 | _aInform | |
| 520 | _aOutlines the method of construction of a dry stone wall, and discusses the maintenance tasks which can help to prolong the life of such structures. | ||
| 521 | _aIntroductory | ||
| 590 | _aKA | ||
| 651 | 4 |
_aScotland _y1999- |
|
| 690 | _aBUILT ENVIRONMENT-BUILDING TYPES-ANCIENT MONUMENTS AND HISTORIC BUILDINGS | ||
| 856 | 4 | 0 |
_uhttps://www.historic-scotland.gov.uk/publicationsresultsdetail.htm?id=4bdf71d17 _zView the leaflet free of charge at www.historic-scotland.gov.uk... |
| 942 | _n0 | ||
| 999 |
_c110646 _d110646 |
||